000 00743nam a22002417a 4500
999 _c385215
_d385215
001 98857
003 UA-OsUOA
005 20200805004232.0
007 ta
008 20130418b un ||||| |||| 00| 0 ukr d
040 _aUA-OsUOA
_brus
_cUA-OsUOA
_dUA-OsUOA
041 _arus
080 _a821.161.1
090 _a821.161.1
_bР67
100 _aРоллан Р.
245 _aСобрание сочинений в четырнадцати томах: очарованная душа
_nт. 11
246 3 1 _aРоды
_nкн. 4
260 _aМ.
_bХудожественная литература
_c1957
300 _a517 с.
650 7 _a82 Література. Літературознавство
_2UDC
942 _cBK
_2udc
955 _a3